000 00837cam a22002897a 4500
003 CHAP
005 20220817043132.0
008 971013s1987 r 00010 d
010 _a66529
011 _a67501
035 _a76971
040 _cCHAP
082 _a400
_bM3 1987
100 0 0 _aMartínes de Sousa, J.
_971765
245 0 _aDudas y errores de lenguaje
_c/ por J. Martínez de Sousa
250 _a4 ed.
260 _aMadrid :
_bParaninfo,
_c1987.
300 _a366 p.
590 _aBATCH-UPD
_b10
_c20130110
_lUCH01
_h0626
590 _aBATCH-UPD
_b10
_c20130410
_lUCH01
_h0309
590 _aBATCH-UPD
_b10
_c20130914
_lUCH01
_h1721
590 _aCONVERSION
_b10
_c20130109
_lUCH01
_h1337
650 1 4 _aLenguaje.
901 _aBK
942 _cLIBRO
949 _a400 M3 1987
_bBC
_cLIBRO
_d33724000433694
_eLIBRO
_h77544
_i76971
_si
999 _c66529
_d66529